1008 1501 1899 1551 1921 1526 1376 1476 1807 1401 1957 1080 1408 1014 1684 1975 1854 1871 1118 1057 1559 1725 1025 1161 1400 1832 1665 1149 1403 1052 1930 1781 1502 1535 1074 1661 1175 1568 1586 1031 1291 1342 1775 1028 1656 1265 1108 1368 1697 1231 1495 1404 1277 1870 1701 1850 1764 1949 1684 1716 1058 1925 1025 1777 1194 1494 1901 1359 1870 1041 1129 1563 1082 1431 1488 1105 1127 1712 1322 1876 1497 1206 1267 1576 1793 1707 1509 1815 1780 1358 1392 1814 1493 1673 1014 1332 1919 1909 1102 BCNSPRNW ULIB Ver.6.0+V

เปลี่ยนเป็นภาษาไทย

Change to English
 แสดงรายละเอียดบรรณานุกรม
  กลับหน้าหลัก

Brief Record : Get Marc (ISO 2709) : E-mail record : QR code < ปิดหน้าต่าง
LEADER : 00000nam 2200000uu 4500
001    13399122082
003     ULIB
008    121225s2555||||th 000 0 tha d
020    ^a9789740325697
060  4 ^aW13^bส773พ
100 0  ^aสุทธิพร จิตต์มิตรภาพ
245 00 ^aพจนานุกรมศัพท์แพทย์/^cสุทธิพร จิตต์มิตรภาพ
250    ^aพิมพ์ครั้งที่ 2
260    ^aกรุงเทพฯ :^bสำนักพิมพ์แห่งจุฬาลงกรณ์มหาวิทยาลัย,^c2555
300    ^a1452 หน้า
650  7 ^aศัพท์แพทย์
650  7 ^aแพทย์^xพจนานุกรม
945    ^p520^l0^i033330
945    ^p520^l0^i033331
995    ^a เกษร
999    ^aใช้งานได้ทุกระบบ
รายการนี้ยังไม่มีแท็ก
คุณยังไม่ได้ล็อกอิน คุณสามารถมีกิจกรรมร่วมกับเว็บไซต์ได้ แต่ต้องล็อกอินก่อน ::
  ล็อกอิน

รายการสื่อสารสนเทศ

ลำดับที่ ประเภท เลขเรียก/บาร์โค้ด สถานที่ สถานะ
1. วิทยาศาสตร์การแพทย์ และสุขภาพ
หนังสือสำรอง
สถานะ=หนังสือสำรอง
W13 ส773พ ฉ.1 
  Barcode: 033330
ห้องสมุดวิทยาเขตสวรรค์ประชารักษ์
►หนังสือทั่วไป
บนชั้น
2. วิทยาศาสตร์การแพทย์ และสุขภาพ
วิทยาศาสตร์การแพทย์ และสุขภาพ
W13 ส773พ ฉ.2 
  Barcode: 033331
ห้องสมุดวิทยาเขตสวรรค์ประชารักษ์
►ส่วนจัดเก็บหนังสือเก่า สปร
บนชั้น
  ขอยืม

รายการใกล้เคียง
    ผู้แต่ง [สุทธิพร จิตต์มิตรภาพ]

    หัวเรื่อง [ศัพท์แพทย์]

BibComment


ยังไม่เคยถูกคอมเมนท์

คอมเมนท์ทรัพยากรรายการนี้
  คอมเมนท์: พจนานุกรมศัพท์แพ..


 Copyright 2026. Bcnsprnw @Library